LEADER 00968nam0-22003131--450- 001 990009171570403321 005 20110928135855.0 010 $a2020064871 035 $a000917157 035 $aFED01000917157 035 $a(Aleph)000917157FED01 035 $a000917157 100 $a20100413d1983----km-y0itay50------ba 101 0 $afre 102 $aFR 105 $ay-------001yy 200 1 $a<>sorcière de Jasmin$eavec la reproduction en fac-similé de l'édition originale bilingue (1842) de la Francouneto de Jasmin$fEmmanuel Le Roy Ladurie 210 $aParis$cSeuil$d1983 215 $a281 p., 4 c. di tav.$cill.$d22 cm 225 1 $a<>univers historique 676 $a340$v11 rid.$zita 700 1$aLe Roy Ladurie,$bEmmanuel$f<1929- >$0120380 801 0$aIT$bUNINA$gRICA$2UNIMARC 901 $aBK 912 $a990009171570403321 952 $aSDI-KF 416$b3027$fSDI 959 $aSDI 996 $aSorcière de Jasmin$9780691 997 $aUNINA